|
|
|
|
| LEADER |
01304nam a2200301 a 4500 |
| 001 |
11959763 |
| 008 |
120109s2001 nyua bd 001 0 eng |
| 010 |
|
|
|a 00037504
|
| 020 |
|
|
|a 0195141687
|
| 020 |
|
|
|a 0195141695 (pbk.)
|
| 040 |
|
|
|a DLC
|c DLC
|d DLC
|d BD-DhAAL
|
| 042 |
|
|
|a pcc
|
| 050 |
0 |
0 |
|a RA651
|b .D553 2001
|
| 082 |
0 |
0 |
|a 614.4/03
|2 21
|
| 245 |
0 |
2 |
|a A dictionary of epidemiology /
|c edited for the International Epidemiological Association by John M. Last ; associate editors, Robert A. Spasoff ... [et al.].
|
| 246 |
3 |
0 |
|a Epidemiological
|
| 250 |
|
|
|a 4th ed.
|
| 260 |
|
|
|a New York :
|b Oxford University Press,
|c c2001.
|
| 300 |
|
|
|a xx, 196 p. :
|b ill. ;
|c 24 cm.
|
| 504 |
|
|
|a Includes bibliographical references (p. 191-196) and index.
|
| 541 |
|
|
|e 00024189
|
| 650 |
|
0 |
|a Epidemiology
|v Dictionaries.
|
| 700 |
1 |
|
|a Last, John M.,
|d 1926-
|
| 710 |
2 |
|
|a International Epidemiological Association.
|
| 852 |
1 |
|
|a James P Grant School of Public Health
|c General Shelf.
|
| 999 |
|
|
|c 11740
|d 11740
|
| 952 |
|
|
|0 0
|1 0
|2 ddc
|4 0
|6 614_403000000000000_DIC
|7 0
|9 19089
|a JPGSPH
|b JPGSPH
|c GEN
|d 2012-01-09
|l 0
|o 614.403 DIC
|p 3060024189
|r 2012-01-09
|t 1
|w 2012-01-09
|y BK
|
| 952 |
|
|
|0 0
|1 0
|2 ddc
|4 0
|6 614_403000000000000_DIC
|7 0
|9 19090
|a JPGSPH
|b JPGSPH
|c GEN
|d 2012-01-09
|l 0
|o 614.403 DIC
|p 3060024190
|r 2012-01-09
|t 2
|w 2012-01-09
|y BK
|